|
|
|
|
| LEADER |
00000nam0a2200000 4500 |
| 001 |
282873 |
| 005 |
20231101235535.0 |
| 010 |
|
|
|a 9785776508028
|
| 035 |
|
|
|a (RuTPU)RU\TPU\book\306872
|
| 090 |
|
|
|a 282873
|
| 100 |
|
|
|a 20150203d2012 k y0rusy50 ca
|
| 101 |
0 |
|
|a rus
|
| 102 |
|
|
|a RU
|
| 105 |
|
|
|a a z 001zy
|
| 200 |
1 |
|
|a Упорные газостатические подшипники. Оптимизация конструкции
|e монография
|f А. В. Космынин, О. А. Красильникова, В. С. Виноградов
|g Комсомольский-на-Амуре государственный технический университет (КнАГТУ)
|
| 210 |
|
|
|a Комсомольск-на-Амуре
|c Изд-во КнАГТУ
|d 2012
|
| 215 |
|
|
|a 110 с.
|c ил.
|
| 320 |
|
|
|a Библиогр.: с. 100-104.
|
| 330 |
|
|
|a Представлены результаты оптимизации конструкции упорных глад-кощелевых газостатических опор и упорных подшипников с лабиринтным уплотнением рабочей поверхности. Описана экспериментальная установка для исследования эксплуатационных характеристик упорных газовых подшипников. Книга предназначена для инженерно-технических работников машиностроительных предприятий и КБ, аспирантов и студентов.
|
| 606 |
1 |
|
|a Подшипники скольжения с газовой смазкой
|2 stltpush
|3 (RuTPU)RU\TPU\subj\74003
|9 86619
|
| 610 |
1 |
|
|a упорные газостатические подшипники
|
| 610 |
1 |
|
|a исследование
|
| 610 |
1 |
|
|a установки
|
| 610 |
1 |
|
|a методика
|
| 610 |
1 |
|
|a результаты
|
| 610 |
1 |
|
|a проектирование
|
| 610 |
1 |
|
|a расчет
|
| 610 |
1 |
|
|a монографии
|
| 675 |
|
|
|a 621.822.574
|v 3
|
| 700 |
|
1 |
|a Космынин
|b А. В.
|g Александр Витальевич
|
| 701 |
|
1 |
|a Красильникова
|b О. А.
|g Ольга Алексеевна
|
| 701 |
|
1 |
|a Виноградов
|b В. С.
|g Виктор Сергеевич
|
| 712 |
0 |
2 |
|a Комсомольский-на-Амуре государственный технический университет (КнАГТУ)
|2 stltpush
|3 (RuTPU)RU\TPU\col\985
|
| 801 |
|
1 |
|a RU
|b 63413507
|c 20150203
|
| 801 |
|
2 |
|a RU
|b 63413507
|c 20150617
|g RCR
|
| 942 |
|
|
|c BK
|